00298nam a2200121Ia 4500008004100000041000900041082001500050100002300065245003200088260003900120300000900159650000800168230718s9999 xx 000 0 und d aEng. a340bDOG-P aDogar,Abdul Hameed 0aPakistan law journal (2008) aPakistanbAll Legal Decisionc2008 a1125 aLaw